000 03067nam0a2200421 4500
001 RU\NLR\BIBL_A\022134786
005 20250812101315.0
010 _a978-5-7038-6204-9
_950
021 _aRU
_bКН-П-23-083882
_9КН-П-23-8484
035 _a(NLR Aleph) 022134786
035 _a(RuMoRGB)012478282
090 _a12846276
_c12846276
100 _a20240212d2023 k y0rusy50 ca
101 0 _arus
_deng
102 _aRU
105 _aа|||z|||100yy
181 0 _ai
_baxxe
182 0 _an
200 1 _aКомплексная автоматизация проектирования и производства (КАПП(М)-2023)
_eпервая молодежная конференция с международным участием (Москва, 12 мая 2023 г.)
_eматериалы конференции
_fФедеральное государственное бюджетное образовательное учреждение высшего образования "Московский государственный технический университет имени Н. Э. Баумана (национальный исследовательский университет)", Факультет робототехники и комплексной автоматизации МГТУ им. Н. Э. Баумана [и др.]
_gпод редакцией д-ра физ.-мат. наук, профессора А. П. Карпенко
203 _aТекст
_bвизуальный
_cнепосредственный
210 _aМосква
_cИзд-во МГТУ им. Н. Э. Баумана
_d2023
215 _a345 с.
_cил., табл.
_d23
300 _aРез. англ.
300 _aИзд. доступно в электрон. виде по адресу https://press.bmstu.ru/catalog/item/8114/
320 _aБиблиогр. в конце ст.
606 1 _aСАПР
_jСъезды, совещания и т.п
_2nlr_sh2
_3RU\NLR\AUTH\661275232
606 1 _aАвтоматизация производства
_jСъезды, совещания и т.п
_2nlr_sh1
_2nlr_sh2
_3RU\NLR\AUTH\6685569
675 _a004(082)
_v4
686 1 _aЖ2-5-05я431
686 1 _aЗ965,5я431
702 1 _aКарпенко
_bА. П.
_f1947-
_gАнатолий Павлович
_4340
711 1 2 _a"Комплексная автоматизация проектирования и производства 2023", молодежная конференция с международным участием
_d1
_eМосква
_3RU\NLR\AUTH\880604689
712 0 2 _aМосковский государственный технический университет им. Н. Э. Баумана
_bФакультет "Робототехника и комплексная автоматизация"
_3RU\NLR\AUTH\880527055
_4475
942 _cBOOK
980 _aNB